[Event "SRI-chB"]
[Site "Colombo"]
[Date "2023.03.11"]
[Round "9"]
[White "Perera, G Thinuka Geethula"]
[Black "De Silva, Osheen"]
[Result "0-1"]
[WhiteElo "1426"]
[BlackElo "1712"]
[PlyCount "75"]
[EventDate "2023.03.04"]
[EventType "swiss"]
[EventRounds "11"]
[EventCountry "SRI"]
[SourceTitle "CBM 213 Extra"]
[Source "ChessBase"]
[SourceDate "2023.05.31"]
[SourceVersion "1"]
[SourceVersionDate "2023.05.31"]
[SourceQuality "1"]

1. d4 d5 2. c4 c6 3. Nc3 Nf6 4. Bg5 e6 5. cxd5 exd5 6. e3 Nbd7 7. Bd3 Be7 8. Qc2 h6 9. Bh4 0-0 10. Nge2 Re8 11. 0-0 Ne4 12. Bxe7 Qxe7 13. Bxe4 dxe4 14. Ng3 Nf6 15. h3 Bd7 16. f3 exf3 17. Rxf3 c5 18. d5 Qe5 19. Raf1 b5 20. e4 b4 21. Rxf6 gxf6 22. Nce2 f5 23. Nh5 Rab8 24. Neg3 Rb6 25. Nxf5 Qxe4 26. Qxe4 Rxe4 27. Nhg3 Bxf5 28. Nxf5 Kf8 29. d6 Ke8 30. Ng7+ Kd8 31. Rf3 f5 32. Rxf5 Rxd6 33. Rf7 Rd2 34. Nf5 Rxb2 35. Rxa7 Ree2 36. Nxh6 Ke8 37. Nf7 Kf8 38. Nd6 0-1

[Event "SRI-chB"]
[Site "Colombo"]
[Date "2023.03.11"]
[Round "8"]
[White "Wiratunga, Jenith"]
[Black "Perera, G Thinuka Geethula"]
[Result "1-0"]
[WhiteElo "1676"]
[BlackElo "1426"]
[PlyCount "59"]
[EventDate "2023.03.04"]
[EventType "swiss"]
[EventRounds "11"]
[EventCountry "SRI"]
[SourceTitle "CBM 213 Extra"]
[Source "ChessBase"]
[SourceDate "2023.05.31"]
[SourceVersion "1"]
[SourceVersionDate "2023.05.31"]
[SourceQuality "1"]

1. d4 Nf6 2. Nc3 d5 3. Bf4 e6 4. Nb5 Bb4+ 5. c3 Ba5 6. a4 a6 7. Na3 0-0 8. e3 Nbd7 9. Nf3 Ne4 10. Qc2 Ndf6 11. Ne5 Bd7 12. f3 Nd6 13. Bd3 Rc8 14. b4 Bb6 15. a5 Ba7 16. g4 g6 17. h4 Nb5 18. h5 Qe7 19. Bh6 Nxa3 20. Rxa3 Rfd8 21. hxg6 fxg6 22. Bxg6 Be8 23. Bxe8 Rxe8 24. Bg5 Rf8 25. Ra2 c6 26. Qd3 Rc7 27. Rah2 Bb8 28. Ng6 hxg6 29. Qxg6+ Qg7 30. Rh8# 1-0

[Event "SRI-chB"]
[Site "Colombo"]
[Date "2023.03.06"]
[Round "5"]
[White "De Silva, Elath Mathanga"]
[Black "Perera, G Thinuka Geethula"]
[Result "1/2-1/2"]
[WhiteElo "1777"]
[BlackElo "1426"]
[PlyCount "60"]
[EventDate "2023.03.04"]
[EventType "swiss"]
[EventRounds "11"]
[EventCountry "SRI"]
[SourceTitle "CBM 213 Extra"]
[Source "ChessBase"]
[SourceDate "2023.05.31"]
[SourceVersion "1"]
[SourceVersionDate "2023.05.31"]
[SourceQuality "1"]

1. d4 Nf6 2. Nf3 e6 3. c4 c5 4. g3 cxd4 5. Nxd4 Bc5 6. Bg2 Qb6 7. e3 Qb4+ 8. Nd2 Bxd4 9. exd4 Nc6 10. d5 Ne7 11. dxe6 dxe6 12. 0-0 0-0 13. Qb3 Qc5 14. Ne4 Nxe4 15. Bxe4 Rb8 16. Be3 Qa5 17. Qb5 Qxb5 18. cxb5 a6 19. Bc5 Re8 20. Rfd1 Nd5 21. Bd6 Ra8 22. Bxd5 exd5 23. Rxd5 Be6 24. Rc5 axb5 25. Rxb5 Rxa2 26. Re1 Bd7 27. Rbe5 Rxe5 28. Bxe5 Bc6 29. Bc3 Bd7 30. h4 Bc6 1/2-1/2